000 00484nam a2200193Ia 4500
005 20240823052501.0
008 240823s9999||||xx |||||||||||||| ||und||
020 _a978-81-820-234-1
041 _aENGLISH
082 _A004 P2
100 _aAlexis Leon
245 0 _aIntroduction to Computers
250 _a1st
260 _c2002
_b"Leon Press, Publi"
500 _aTRANSFERED
650 _aComputers in Chemistry
_bComputer Science
700 _a Mathews Leon
942 _cBK
999 _c221973
_d221973